Les plus gros transferts français en football - Statistiques

Statistiques générales
  • Ce quiz a été pris 155 fois
  • Le résultat moyen est 9 sur 15
Statistiques - réponses
Hint Réponse % Correct
180 millions Monaco-PSG Kylian Mbappé
100%
120 millionsAthlético Madrid-Barcelone Antoine Griezmann
99%
135 millionsDortmund-Barcelone Ousmane Dembélé
97%
105 millionsJuventus-Man United Paul Pogba
96%
95 millionsFrankfurt-Psg Randal Kolo-Muani
62%
77,5 millionsJuventus-Réal Madrid Zinédine Zidane
60%
72 millionsMonaco-Athlético Madrid Thomas Lemar
56%
80 millionsAthlético Madrid-Bayern Munich Lucas Hernández
53%
80 millionsMonaco-Réal Madrid Aurélien Tchouaméni
44%
60 millionsLeipzig-Chelsea Christopher Nkunku
37%
80,4 millionsLeicester-Chelsea Wesley Fofana
37%
57,5 millionsMonaco-Man City Benjamin Mendy
35%
62 millionsLyon-Tottenham Tanguy Ndombélé
35%
55 millionsBayern Leverkusen-Aston Villa Moussa Diaby
29%
60 millionsMonaco-Man United Anthony Martial
26%
Aucun quiz correspondant
Distribution des résultats
% des personnes avec chaque résultat
Percentile par nombre de réponses
Votre historique - résultats
Vous n’avez pas pris ce quiz